000 00332nam a22001577a 4500
003 SGT
020 _a9788131255391
082 _a301
_bS19L
100 _aLOHUMI, SHAMA
245 _aSOCIOLOGY FOR NURSES
250 _a2ND
260 _aINDIA
_bELSEVIER PUB
_c2019
300 _a390
650 _aSOCIOLOGY
942 _2ddc
_cBK
_0115
999 _c21964
_d21964